|
|
|
|
| LEADER |
00000nam2a2200000 4500 |
| 001 |
103171 |
| 005 |
20231031113322.0 |
| 035 |
|
|
|a (RuTPU)RU\TPU\book\111242
|
| 090 |
|
|
|a 103171
|
| 100 |
|
|
|a 20061013d1963 k y0rusy50 ca
|
| 101 |
0 |
|
|a rus
|
| 102 |
|
|
|a RU
|
| 105 |
|
|
|a a z 001zy
|
| 200 |
0 |
|
|a Т. 2: Пигменты и пигментированные покрытия
|
| 210 |
|
|
|d 1963
|
| 215 |
|
|
|a 776 с.
|c ил.
|
| 320 |
|
|
|a Библиогр. в конце гл.
|
| 320 |
|
|
|a Предметный указатель: с. 762-776.
|
| 461 |
|
1 |
|0 (RuTPU)RU\TPU\book\127881
|t Технология органических покрытий
|o пер. с англ.
|o в 2 т.
|f Г. Ф. Пэйн
|v Т. 2: Пигменты и пигментированные покрытия
|d 1959-1963
|
| 610 |
1 |
|
|a лакокрасочные покрытия
|
| 610 |
1 |
|
|a пигменты
|
| 610 |
1 |
|
|a пигментированные покрытия
|
| 610 |
1 |
|
|a понятия
|
| 610 |
1 |
|
|a строительные краски
|
| 610 |
1 |
|
|a промышленные покрытия
|
| 801 |
|
1 |
|a RU
|b 63413507
|c 20061013
|g PSBO
|
| 801 |
|
2 |
|a RU
|b 63413507
|c 20160511
|g PSBO
|
| 942 |
|
|
|c BK
|